[Event "Mindsports Open 5th"]
[Site "London"]
[Date "2025.08.18"]
[Round "9.21"]
[White "Bharat Kumar, Balahari"]
[Black "Sofronie, Vladimir"]
[Result "1-0"]
[WhiteElo "2052"]
[BlackElo "2313"]
[PlyCount "103"]
[EventDate "2025.08.13"]
[EventType "swiss"]
[EventRounds "9"]
[EventCountry "ENG"]
[SourceTitle "BritBase"]
[Source "John Saunders"]
[SourceDate "2025.08.18"]
[SourceVersion "1"]
[SourceVersionDate "2025.08.18"]
[SourceQuality "1"]

1. d4 Nf6 2. c4 c5 3. e3 e6 4. Nf3 d5 5. b3 Nc6 6. Bb2 Be7 7. Nbd2 O-O 8. Bd3 cxd4 9. exd4 Nh5 10. g3 Bf6 11. Ne5 g6 12. Ndf3 Qa5+ 13. Qd2 Qxd2+ 14. Kxd2 dxc4 15. bxc4 Nxe5 16. Nxe5 Bxe5 17. dxe5 Rd8 18. Ke3 b6 19. c5 bxc5 20. Rhc1 c4 21. Bxc4 Bb7 22. Rd1 Ng7 23. g4 h5 24. h3 Rac8 25. Rxd8+ Rxd8 26. Bd4 Bd5 27. Bf1 Rb8 28. a4 Rb3+ 29. Kd2 hxg4 30. hxg4 Rb4 31. Bxa7 Rxg4 32. a5 Rg1 33. Rc1 Nf5 34. a6 Rg4 35. Bb6 Ra4 36. Rc8+ Kh7 37. a7 Rb4 38. Bc5 Rb2+ 39. Kc1 Ra2 40. Kb1 Ra5 41. Bd3 Kh6 42. Bb6 Ra4 43. Bc5 Ra5 44. Bb6 Ra4 45. Rc5 Ne7 46. Bb5 Ra3 47. Bc4 Bxc4 48. Rxc4 Ra6 49. Bd4 Nf5 50. Bc5 Ng7 51. Rh4+ Nh5 52. Rb4 1-0

[Event "Mindsports Open 5th"]
[Site "London"]
[Date "2025.08.18"]
[Round "9.22"]
[White "Li, Harry"]
[Black "Verbytski, Oleg"]
[Result "1-0"]
[WhiteElo "2242"]
[BlackElo "2002"]
[PlyCount "69"]
[EventDate "2025.08.13"]
[EventType "swiss"]
[EventRounds "9"]
[EventCountry "ENG"]
[SourceTitle "BritBase"]
[Source "John Saunders"]
[SourceDate "2025.08.18"]
[SourceVersion "1"]
[SourceVersionDate "2025.08.18"]
[SourceQuality "1"]

1. e4 c5 2. Nf3 d6 3. d4 cxd4 4. Nxd4 Nf6 5. Nc3 a6 6. Bc4 e6 7. Be3 Be7 8. Bb3 O-O 9. f3 b5 10. a3 Qc7 11. g4 Bb7 12. Qd2 Nc6 13. O-O-O Nd7 14. h4 Nce5 15. Bg5 Nb6 16. Qe2 Rac8 17. f4 Nec4 18. Rh3 d5 19. Bxe7 Qxe7 20. g5 b4 21. axb4 Qxb4 22. Na2 Qc5 23. e5 a5 24. g6 h6 25. gxf7+ Rxf7 26. c3 Rxf4 27. Rg3 Rf7 28. Rdg1 Qe7 29. Bc2 Nxb2 30. Kxb2 Nc4+ 31. Ka1 Ba6 32. Qd3 Qa3 33. Rxg7+ Rxg7 34. Qh7+ Kf8 35. Qh8+ 1-0

[Event "Mindsports Open 5th"]
[Site "London"]
[Date "2025.08.18"]
[Round "9.23"]
[White "Shidlagatta, Anirudh"]
[Black "Kovalskyi, Roman"]
[Result "1/2-1/2"]
[WhiteElo "2036"]
[BlackElo "2180"]
[PlyCount "103"]
[EventDate "2025.08.13"]
[EventType "swiss"]
[EventRounds "9"]
[EventCountry "ENG"]
[SourceTitle "BritBase"]
[Source "John Saunders"]
[SourceDate "2025.08.18"]
[SourceVersion "1"]
[SourceVersionDate "2025.08.18"]
[SourceQuality "1"]

1. Nf3 c5 2. g3 b6 3. Bg2 Bb7 4. O-O g6 5. c4 Bg7 6. Nc3 Nf6 7. e3 O-O 8. d4 cxd4 9. exd4 d6 10. Re1 Nbd7 11. b3 Rc8 12. Bb2 Re8 13. d5 Nc5 14. Nd4 Nfd7 15. f4 e5 16. dxe6 Bxg2 17. exf7+ Kxf7 18. Rxe8 Qxe8 19. Kxg2 Ne4 20. Ndb5 Bxc3 21. Bxc3 Qe6 22. Qd4 Ndf6 23. Re1 a6 24. Qxb6 axb5 25. Qb7+ Qd7 26. Qxd7+ Nxd7 27. Rxe4 d5 28. Rd4 Nf6 29. a4 bxa4 30. bxa4 dxc4 31. a5 Ke6 32. a6 Ra8 33. Rxc4 Rxa6 34. Bxf6 Kxf6 35. g4 h5 36. gxh5 gxh5 37. Rc5 Ra2+ 38. Kg3 h4+ 39. Kxh4 Rxh2+ 40. Kg3 Ra2 41. Kg4 Rg2+ 42. Kf3 Ra2 43. Re5 Rb2 44. Re8 Rb5 45. Kg4 Ra5 46. Rf8+ Kg7 47. Rb8 Kf6 48. Rb6+ Kf7 49. Rc6 Rb5 50. Ra6 Rc5 51. f5 Rc1 52. Ra3 1/2-1/2

[Event "Mindsports Open 5th"]
[Site "London"]
[Date "2025.08.18"]
[Round "9.24"]
[White "Ravi, Krishna G"]
[Black "Vashisht-Pigem, Raman"]
[Result "0-1"]
[WhiteElo "2074"]
[BlackElo "1981"]
[PlyCount "44"]
[EventDate "2025.08.13"]
[EventType "swiss"]
[EventRounds "9"]
[EventCountry "ENG"]
[SourceTitle "BritBase"]
[Source "John Saunders"]
[SourceDate "2025.08.18"]
[SourceVersion "1"]
[SourceVersionDate "2025.08.18"]
[SourceQuality "1"]

1. d4 e6 2. c4 b6 3. e4 Bb4+ 4. Nd2 Bb7 5. Qc2 Qh4 6. Bd3 f5 7. g3 Qh5 8. Be2 Qf7 9. Bf3 Nc6 10. Qd3 fxe4 11. Bxe4 Nf6 12. Bf3 O-O 13. a3 Bxd2+ 14. Qxd2 e5 15. d5 Nd4 16. Qd3 Ng4 17. Bf4 Nxf3+ 18. Qxf3 Qg6 19. h3 Nh6 20. Ne2 exf4 21. Nxf4 Rae8+ 22. Kf1 Qf6 0-1

[Event "Mindsports Open 5th"]
[Site "London"]
[Date "2025.08.18"]
[Round "9.25"]
[White "Leong, Aiden"]
[Black "Leung, Hao Ran"]
[Result "1-0"]
[WhiteElo "2068"]
[BlackElo "1915"]
[PlyCount "63"]
[EventDate "2025.08.13"]
[EventType "swiss"]
[EventRounds "9"]
[EventCountry "ENG"]
[SourceTitle "BritBase"]
[Source "John Saunders"]
[SourceDate "2025.08.18"]
[SourceVersion "1"]
[SourceVersionDate "2025.08.18"]
[SourceQuality "1"]

1. d4 d5 2. Nf3 Nf6 3. c4 c6 4. Nbd2 e6 5. g3 Nbd7 6. Bg2 Be7 7. O-O O-O 8. Qc2 b6 9. e4 dxe4 10. Ng5 Bb7 11. Ngxe4 Qc8 12. b3 c5 13. Bb2 cxd4 14. Bxd4 Nxe4 15. Bxe4 Bxe4 16. Qxe4 Bf6 17. Nf3 Nc5 18. Qe3 Bxd4 19. Nxd4 Rd8 20. Rfd1 Qb7 21. b4 Ne4 22. b5 Rd7 23. Nc6 Nc5 24. Qf3 Rc7 25. Rd4 Re8 26. Rad1 Kf8 27. h4 e5 28. Rd8 Rc8 29. R8d5 e4 30. Qf5 g6 31. Qf6 Kg8 32. h5 1-0

[Event "Mindsports Open 5th"]
[Site "London"]
[Date "2025.08.18"]
[Round "9.26"]
[White "Gurevich, Artem"]
[Black "Choong, Han-Sen"]
[Result "1-0"]
[WhiteElo "2183"]
[BlackElo "1836"]
[PlyCount "73"]
[EventDate "2025.08.13"]
[EventType "swiss"]
[EventRounds "9"]
[EventCountry "ENG"]
[SourceTitle "BritBase"]
[Source "John Saunders"]
[SourceDate "2025.08.18"]
[SourceVersion "1"]
[SourceVersionDate "2025.08.18"]
[SourceQuality "1"]

1. d4 d5 2. Nf3 Nf6 3. c4 c6 4. Nbd2 e6 5. g3 Be7 6. Bg2 O-O 7. O-O b6 8. Qc2 a5 9. e4 Ba6 10. b3 Nbd7 11. Bb2 b5 12. Rfe1 bxc4 13. bxc4 Nb6 14. c5 Nc4 15. Nxc4 Bxc4 16. Ne5 Qc8 17. Nxc4 dxc4 18. Qxc4 Rb8 19. Bc3 Qc7 20. h3 h5 21. Rab1 Rxb1 22. Rxb1 h4 23. g4 Qf4 24. Qe2 Bd8 25. Bd2 Qc7 26. Be3 Qd7 27. f4 Bc7 28. g5 Nh7 29. e5 Rd8 30. Qf3 Nf8 31. Qxc6 Qe7 32. Rb7 Rc8 33. Qe4 Qd8 34. f5 exf5 35. Qxf5 Qe8 36. Bd5 a4 37. g6 1-0

[Event "Mindsports Open 5th"]
[Site "London"]
[Date "2025.08.18"]
[Round "9.27"]
[White "Harper, Ryan"]
[Black "Rice, Leah"]
[Result "1/2-1/2"]
[WhiteElo "2131"]
[BlackElo "1980"]
[PlyCount "57"]
[EventDate "2025.08.13"]
[EventType "swiss"]
[EventRounds "9"]
[EventCountry "ENG"]
[SourceTitle "BritBase"]
[Source "John Saunders"]
[SourceDate "2025.08.18"]
[SourceVersion "1"]
[SourceVersionDate "2025.08.18"]
[SourceQuality "1"]

1. e4 c6 2. d4 d5 3. e5 Bf5 4. h4 h5 5. Bd3 Bxd3 6. Qxd3 Qa5+ 7. Nd2 e6 8. Ngf3 c5 9. c4 cxd4 10. O-O Nc6 11. Nxd4 Nxe5 12. Qe2 dxc4 13. Nxc4 Nxc4 14. Qxc4 a6 15. Nxe6 fxe6 16. Qxe6+ Ne7 17. Re1 Rd8 18. Qg6+ Kd7 19. Qe6+ Ke8 20. Qg6+ Kd7 21. Rd1+ Kc8 22. Qe6+ Kb8 23. Bf4+ Ka8 24. Rxd8+ Qxd8 25. Rc1 Nc6 26. Rxc6 bxc6 27. Qxc6+ Ka7 28. Be3+ Kb8 29. Bf4+ 1/2-1/2

[Event "Mindsports Open 5th"]
[Site "London"]
[Date "2025.08.18"]
[Round "9.28"]
[White "Allorant, Adrien"]
[Black "Lishoy Gengis Paratazham, Dildarav"]
[Result "1-0"]
[WhiteElo "2042"]
[BlackElo "2093"]
[PlyCount "149"]
[EventDate "2025.08.13"]
[EventType "swiss"]
[EventRounds "9"]
[EventCountry "ENG"]
[SourceTitle "BritBase"]
[Source "John Saunders"]
[SourceDate "2025.08.18"]
[SourceVersion "1"]
[SourceVersionDate "2025.08.18"]
[SourceQuality "1"]

1. e4 d6 2. d4 Nf6 3. Nc3 e5 4. Nf3 Nbd7 5. Rg1 c6 6. g4 h6 7. Be3 Be7 8. a3 Qc7 9. Be2 a6 10. Qd2 b5 11. O-O-O Bb7 12. h4 O-O-O 13. g5 hxg5 14. hxg5 Nh5 15. g6 fxg6 16. Rxg6 Kb8 17. Ng5 Bxg5 18. Bxg5 Rde8 19. Bxh5 Rxh5 20. Rxg7 Bc8 21. dxe5 dxe5 22. f4 Rhh8 23. Rxd7 Qxd7 24. Qxd7 Bxd7 25. Rxd7 Rh1+ 26. Rd1 Rh5 27. Ne2 exf4 28. Bxf4+ Kc8 29. e5 Rh4 30. Rd6 Kc7 31. b4 Rh1+ 32. Kd2 Rf1 33. Ke3 Rd8 34. Nd4 Rh8 35. Ne6+ Kc8 36. Rxc6+ Kb7 37. Rd6 Rh3+ 38. Ke2 Rg1 39. Kf2 Rg4 40. Rd3 Rh7 41. Nc5+ Kc8 42. Bg3 Rf7+ 43. Rf3 Rxf3+ 44. Kxf3 Rc4 45. e6 Kd8 46. Bf4 Rxc2 47. Bg5+ Ke8 48. Ne4 Rc6 49. Nc5 a5 50. Ke4 axb4 51. axb4 Rd6 52. Ke5 Rd1 53. Ne4 Re1 54. Kd5 Rd1+ 55. Kc6 Re1 56. Nd6+ Kf8 57. e7+ Rxe7 58. Bxe7+ Kxe7 59. Nxb5 Ke6 60. Nd4+ Ke5 61. b5 Ke4 62. b6 Kxd4 63. b7 Ke5 64. b8=Q+ Ke4 65. Qb4+ Ke5 66. Qc4 Kf5 67. Qe2 Kf6 68. Qe4 Kg5 69. Qf3 Kg6 70. Qf4 Kg7 71. Kd7 Kg6 72. Ke7 Kh5 73. Qg3 Kh6 74. Kf6 Kh5 75. Qg5# 1-0

[Event "Mindsports Open 5th"]
[Site "London"]
[Date "2025.08.18"]
[Round "9.29"]
[White "Larchikov, Maksym"]
[Black "Sachdeva, Ronit"]
[Result "1-0"]
[WhiteElo "2037"]
[BlackElo "2058"]
[PlyCount "103"]
[EventDate "2025.08.13"]
[EventType "swiss"]
[EventRounds "9"]
[EventCountry "ENG"]
[SourceTitle "BritBase"]
[Source "John Saunders"]
[SourceDate "2025.08.18"]
[SourceVersion "1"]
[SourceVersionDate "2025.08.18"]
[SourceQuality "1"]

1. d4 d5 2. c4 c6 3. Nc3 Nf6 4. Nf3 dxc4 5. a4 Bf5 6. e3 e6 7. Bxc4 Bb4 8. O-O O-O 9. Nh4 Nbd7 10. Nxf5 exf5 11. Qc2 g6 12. f3 Nb6 13. Bb3 a5 14. Kh1 Kg7 15. e4 Qxd4 16. Bf4 Qd7 17. Rad1 Qe7 18. exf5 Rfe8 19. Qc1 Qc5 20. g4 Ng8 21. fxg6 hxg6 22. Bg3 Bxc3 23. bxc3 Nd5 24. Bxd5 cxd5 25. Bf2 Qc4 26. Bd4+ f6 27. Qf4 Re6 28. Rb1 b6 29. Rf2 Rae8 30. g5 Kf7 31. Qh4 R8e7 32. Qh7+ Kf8 33. Qxg6 fxg5 34. Bg7+ Rxg7 35. Qxe6 Re7 36. Qf5+ Rf7 37. Qe5 Qc6 38. Qd4 Qe8 39. Qxb6 Nf6 40. Qb8 Ne4 41. Qxe8+ Kxe8 42. Rff1 Nxc3 43. Rb8+ Ke7 44. Rb7+ Kf6 45. Rxf7+ Kxf7 46. Kg2 Nxa4 47. Ra1 Nc3 48. Rxa5 d4 49. Kf2 Kg6 50. Ke1 Kh5 51. f4 Ne4 52. Re5 1-0

[Event "Mindsports Open 5th"]
[Site "London"]
[Date "2025.08.18"]
[Round "9.30"]
[White "Mittal, Aditya"]
[Black "Hng, Mei-Xian Eunice"]
[Result "1-0"]
[WhiteElo "1926"]
[BlackElo "2052"]
[PlyCount "69"]
[EventDate "2025.08.13"]
[EventType "swiss"]
[EventRounds "9"]
[EventCountry "ENG"]
[SourceTitle "BritBase"]
[Source "John Saunders"]
[SourceDate "2025.08.18"]
[SourceVersion "1"]
[SourceVersionDate "2025.08.18"]
[SourceQuality "1"]

1. e4 c6 2. d4 d6 3. a4 Nd7 4. Nf3 Qc7 5. Bc4 Ngf6 6. Qe2 e5 7. dxe5 Nxe5 8. Nxe5 dxe5 9. O-O Be7 10. c3 O-O 11. f3 b6 12. Be3 a6 13. Nd2 Bb7 14. b4 b5 15. Bb3 a5 16. bxa5 Rxa5 17. c4 b4 18. c5 Bxc5 19. Bxc5 Rxc5 20. Bc4 Ra5 21. Nb3 Ra7 22. a5 Rfa8 23. Qd2 c5 24. Rfc1 Qe7 25. Bb5 Ba6 26. Rxc5 Bxb5 27. Rxb5 Rb7 28. Qd3 Rc7 29. a6 Rc3 30. Qd1 Qa7+ 31. Kh1 h6 32. Rxb4 Qe3 33. Rb7 Rd3 34. Qb1 Qf2 35. Qxd3 1-0

[Event "Mindsports Open 5th"]
[Site "London"]
[Date "2025.08.18"]
[Round "9.36"]
[White "Golub, Nikolina"]
[Black "Roe, Simon J"]
[Result "0-1"]
[WhiteElo "1933"]
[BlackElo "2160"]
[PlyCount "100"]
[EventDate "2025.08.13"]
[EventType "swiss"]
[EventRounds "9"]
[EventCountry "ENG"]
[SourceTitle "BritBase"]
[Source "John Saunders"]
[SourceDate "2025.08.18"]
[SourceVersion "1"]
[SourceVersionDate "2025.08.18"]
[SourceQuality "1"]

1. d4 Nf6 2. c4 c5 3. Nf3 cxd4 4. Nxd4 e5 5. Nb3 d5 6. cxd5 Qxd5 7. Qxd5 Nxd5 8. a3 Be6 9. N1d2 Nc6 10. e3 a5 11. Ne4 Nc7 12. Nbd2 Be7 13. Nc3 O-O 14. Nb5 Nxb5 15. Bxb5 Rac8 16. O-O Rfd8 17. b3 Bf5 18. e4 Bg6 19. Bxc6 Rxc6 20. Nc4 Bxe4 21. Nxa5 Rg6 22. g3 Bc5 23. Bb2 Bf3 24. Bxe5 Re6 25. Bf4 Re2 26. b4 Bd4 27. Rac1 h6 28. Nc4 Ra2 29. Be3 Bf6 30. Bf4 b5 31. Ne5 Be2 32. Rfe1 g5 33. Nc6 Rd5 34. Be3 Bf3 35. Bc5 Kg7 36. Ne7 Rd7 37. Nf5+ Kg6 38. Nd6 Rxa3 39. Nxb5 Rad3 40. Re3 Rd1+ 41. Re1 Rxc1 42. Rxc1 Be5 43. h3 h5 44. Be3 h4 45. Kh2 Rd3 46. Re1 f6 47. Na7 hxg3+ 48. fxg3 Bc3 49. Bf2 Bxe1 50. Bxe1 Rd1 0-1

[Event "Mindsports Open 5th"]
[Site "London"]
[Date "2025.08.18"]
[Round "9.37"]
[White "White, Stuart A"]
[Black "Lee, Kah Meng Elgin"]
[Result "1/2-1/2"]
[WhiteElo "2095"]
[BlackElo "2036"]
[PlyCount "124"]
[EventDate "2025.08.13"]
[EventType "swiss"]
[EventRounds "9"]
[EventCountry "ENG"]
[SourceTitle "BritBase"]
[Source "John Saunders"]
[SourceDate "2025.08.18"]
[SourceVersion "1"]
[SourceVersionDate "2025.08.18"]
[SourceQuality "1"]

1. c4 f5 2. g3 Nf6 3. Bg2 d6 4. Nc3 g6 5. b4 Bg7 6. Bb2 O-O 7. d3 e5 8. Nf3 Na6 9. Qb3 Qe7 10. Nd2 c6 11. O-O g5 12. b5 Nc5 13. Qc2 Bd7 14. Nb3 Ne6 15. Na5 Rac8 16. Nxb7 cxb5 17. Ba3 b4 18. Bxb4 Nc5 19. Nxc5 dxc5 20. Ba3 Qf7 21. Nd5 Nxd5 22. Bxd5 Be6 23. Bxe6 Qxe6 24. Rab1 Rc6 25. f3 f4 26. g4 h5 27. h3 hxg4 28. fxg4 e4 29. dxe4 Bd4+ 30. Kg2 Re8 31. Rfc1 Ra6 32. Rb3 Qxe4+ 33. Qxe4 Rxe4 34. Rc2 Rae6 35. Kf1 Re3 36. Bb2 Rxb3 37. axb3 Bxb2 38. Rxb2 Re3 39. b4 cxb4 40. Rxb4 Rxh3 41. Rb5 Rc3 42. Rxg5+ Kh7 43. Rc5 f3 44. exf3 Rxf3+ 45. Ke2 Rf4 46. g5 Kg6 47. Kd3 Rg4 48. Ra5 Rxg5 49. Rxa7 Kf6 50. Rd7 Ke6 51. Rd8 Rg1 52. Kc3 Rb1 53. c5 Ke7 54. Rd2 Rb7 55. Kc4 Rd7 56. Ra2 Rb7 57. c6 Rb1 58. Kc5 Kd8 59. Rd2+ Kc8 60. Kd6 Rh1 61. Rd5 Rg1 62. Rf5 Rd1+ 1/2-1/2

[Event "Mindsports Open 5th"]
[Site "London"]
[Date "2025.08.18"]
[Round "9.38"]
[White "Zadvorny, Roman"]
[Black "Pereslavtsev, Alexandr"]
[Result "1/2-1/2"]
[WhiteElo "1931"]
[BlackElo "2079"]
[PlyCount "59"]
[EventDate "2025.08.13"]
[EventType "swiss"]
[EventRounds "9"]
[EventCountry "ENG"]
[SourceTitle "BritBase"]
[Source "John Saunders"]
[SourceDate "2025.08.18"]
[SourceVersion "1"]
[SourceVersionDate "2025.08.18"]
[SourceQuality "1"]

1. c4 Nf6 2. g3 g6 3. Bg2 Bg7 4. Nc3 c5 5. Nf3 O-O 6. d4 cxd4 7. Qxd4 Nc6 8. Qh4 d6 9. h3 Bf5 10. O-O Rc8 11. Bh6 Qb6 12. b3 Rfe8 13. Bxg7 Kxg7 14. e4 Bd7 15. Nd5 Nxd5 16. exd5 Nb4 17. Rae1 f6 18. Nd4 Nxa2 19. Re3 Nb4 20. Rfe1 Qd8 21. Bf3 b5 22. Bg4 bxc4 23. Bxd7 Qxd7 24. Ne6+ Kh8 25. Qh6 Rg8 26. Re4 g5 27. Nf8 Rcxf8 28. Rxe7 Qf5 29. Rb7 Nd3 30. Ree7 1/2-1/2

[Event "Mindsports Open 5th"]
[Site "London"]
[Date "2025.08.18"]
[Round "9.39"]
[White "Lochte, Thomas"]
[Black "Sajanani, Vikas"]
[Result "0-1"]
[WhiteElo "2023"]
[BlackElo "1892"]
[PlyCount "68"]
[EventDate "2025.08.13"]
[EventType "swiss"]
[EventRounds "9"]
[EventCountry "ENG"]
[SourceTitle "BritBase"]
[Source "John Saunders"]
[SourceDate "2025.08.18"]
[SourceVersion "1"]
[SourceVersionDate "2025.08.18"]
[SourceQuality "1"]

1. d4 Nf6 2. Nf3 g6 3. Nc3 d5 4. Bf4 Bg7 5. Qd2 Ne4 6. Nxe4 dxe4 7. Ne5 c5 8. e3 Nd7 9. Bb5 cxd4 10. exd4 O-O 11. O-O-O Nxe5 12. dxe5 Qb6 13. Qe2 Be6 14. Bc4 Bxc4 15. Qxc4 Qxf2 16. Qxe4 Rac8 17. Rhf1 Qb6 18. Rd7 Qa6 19. Rf3 Qxa2 20. Ra3 Qe6 21. Rd4 a6 22. Qxb7 Bxe5 23. Bxe5 Qxe5 24. Qe4 Qxh2 25. Rh3 Qg1+ 26. Rd1 Qc5 27. Rdh1 h5 28. g4 Qg5+ 29. Kb1 Qxg4 30. Qe3 Qf5 31. R3h2 Rc6 32. Qh6 Rfc8 33. Rc1 Rb8 34. Rd2 Rcb6 0-1

[Event "Mindsports Open 5th"]
[Site "London"]
[Date "2025.08.18"]
[Round "9.40"]
[White "Ding, Yicheng"]
[Black "Bevis, Noah"]
[Result "0-1"]
[WhiteElo "1793"]
[BlackElo "1966"]
[PlyCount "106"]
[EventDate "2025.08.13"]
[EventType "swiss"]
[EventRounds "9"]
[EventCountry "ENG"]
[SourceTitle "BritBase"]
[Source "John Saunders"]
[SourceDate "2025.08.18"]
[SourceVersion "1"]
[SourceVersionDate "2025.08.18"]
[SourceQuality "1"]

1. d4 Nf6 2. c4 g6 3. Nc3 Bg7 4. e4 d6 5. h3 O-O 6. Be3 e5 7. d5 a5 8. Bd3 Na6 9. Nge2 Nd7 10. a3 Ndc5 11. Bc2 Bd7 12. Ng3 Qe7 13. h4 f5 14. exf5 gxf5 15. Bg5 Qf7 16. Qh5 Qxh5 17. Nxh5 f4 18. Nxg7 Kxg7 19. h5 h6 20. Bh4 Bf5 21. O-O-O Rae8 22. f3 Bxc2 23. Kxc2 Rf5 24. Bf2 Kh7 25. Ne4 Nxe4 26. fxe4 Rg5 27. Rh2 Reg8 28. Rg1 Rg4 29. Kd3 b6 30. Ke2 Nc5 31. Bxc5 bxc5 32. Kf2 Rg3 33. Re1 Rb3 34. Re2 Rgg3 35. Rh1 Kg7 36. Rc1 Kf6 37. Rd1 Kg5 38. Rh1 Rge3 39. Rhe1 Rxe2+ 40. Rxe2 Kxh5 41. Kg1 Kg4 42. Kf2 h5 43. Rd2 Re3 44. Rc2 Rxe4 45. Rc3 Re3 46. Rc1 Rb3 47. Rc2 e4 48. Re2 e3+ 49. Kf1 Rd3 50. Re1 Kg3 51. a4 Rd2 52. b4 cxb4 53. c5 e2+ 0-1

[Event "Mindsports Open 5th"]
[Site "London"]
[Date "2025.08.18"]
[Round "9.41"]
[White "Fil, Alkim Alper"]
[Black "Wang, Luoke"]
[Result "0-1"]
[WhiteElo "1900"]
[BlackElo "1945"]
[PlyCount "92"]
[EventDate "2025.08.13"]
[EventType "swiss"]
[EventRounds "9"]
[EventCountry "ENG"]
[SourceTitle "BritBase"]
[Source "John Saunders"]
[SourceDate "2025.08.18"]
[SourceVersion "1"]
[SourceVersionDate "2025.08.18"]
[SourceQuality "1"]

1. d4 Nf6 2. c4 e6 3. Nf3 d5 4. g3 Be7 5. Bg2 O-O 6. O-O dxc4 7. Ne5 Nc6 8. Nxc6 bxc6 9. Bxc6 Rb8 10. Qa4 Bd7 11. Qxc4 Rb4 12. Qc2 Bxc6 13. Qxc6 Rxd4 14. Be3 Rb4 15. b3 Qb8 16. Nc3 Rd8 17. Rfd1 Bd6 18. Rac1 Ng4 19. Bd4 Bf8 20. e3 h5 21. h3 Nh6 22. Ne4 Nf5 23. Be5 Bd6 24. Nxd6 cxd6 25. Bc3 Ne7 26. Qa6 Rb6 27. Qe2 Rb5 28. Bd4 a5 29. Rc2 Rg5 30. e4 h4 31. g4 Rb5 32. Rdc1 Rb7 33. Qd2 Qa8 34. Qg5 Ng6 35. Qe3 e5 36. Bb6 Rdb8 37. Bc7 Rc8 38. Bxd6 Rxc2 39. Rxc2 Rd7 40. Bc5 Nf4 41. Kh2 Rd3 42. Qe1 Rxh3+ 43. Kg1 Qc8 44. Qd1 Rd3 45. Rd2 Rxd2 46. Qxd2 Qxg4+ 0-1

[Event "Mindsports Open 5th"]
[Site "London"]
[Date "2025.08.18"]
[Round "9.42"]
[White "Ding, Yiwen"]
[Black "Ganguly, Aryaman"]
[Result "1-0"]
[WhiteElo "1844"]
[BlackElo "1824"]
[PlyCount "65"]
[EventDate "2025.08.13"]
[EventType "swiss"]
[EventRounds "9"]
[EventCountry "ENG"]
[SourceTitle "BritBase"]
[Source "John Saunders"]
[SourceDate "2025.08.18"]
[SourceVersion "1"]
[SourceVersionDate "2025.08.18"]
[SourceQuality "1"]

1. d4 d5 2. c4 e6 3. Nc3 Nf6 4. Bg5 c6 5. e3 Nbd7 6. Nf3 Qa5 7. Nd2 Bb4 8. Qc2 Ne4 9. Ndxe4 dxe4 10. Bh4 e5 11. Be2 O-O 12. O-O f5 13. c5 exd4 14. exd4 Bxc3 15. Bc4+ Kh8 16. bxc3 Nf6 17. Bg3 Ne8 18. Bf4 b6 19. cxb6 axb6 20. f3 Nf6 21. Bg5 exf3 22. Rxf3 h6 23. Bxf6 Rxf6 24. Re1 Qa3 25. Qb3 Qxb3 26. Re8+ Kh7 27. Bxb3 Bb7 28. Bg8+ Kg6 29. Rxa8 Bxa8 30. Rg3+ Kh5 31. Rxg7 c5 32. g3 cxd4 33. cxd4 1-0

[Event "Mindsports Open 5th"]
[Site "London"]
[Date "2025.08.18"]
[Round "9.43"]
[White "Li, Harvey"]
[Black "Aleksenko, Maksim"]
[Result "1-0"]
[WhiteElo "1870"]
[BlackElo "1893"]
[PlyCount "37"]
[EventDate "2025.08.13"]
[EventType "swiss"]
[EventRounds "9"]
[EventCountry "ENG"]
[SourceTitle "BritBase"]
[Source "John Saunders"]
[SourceDate "2025.08.18"]
[SourceVersion "1"]
[SourceVersionDate "2025.08.18"]
[SourceQuality "1"]

1. d4 Nf6 2. c4 g6 3. Nc3 Bg7 4. e4 d6 5. h3 O-O 6. Be3 e5 7. d5 a5 8. g4 Na6 9. Qd2 Nc5 10. f3 c6 11. h4 h5 12. g5 Ne8 13. dxc6 Nc7 14. Rd1 bxc6 15. Bxc5 dxc5 16. Qxd8 Be6 17. Qxc7 Rfd8 18. Rxd8+ Rxd8 19. Qxd8+ 1-0